000 00260nam a22001097a 4500
082 _a669 STR'M
100 _aSHEET, ARTHUR,ALEXANDER, WILLIAM
_979472
245 _aMETALS IN THE SERVICE OF MAN
260 _aLONDON
_bELBS
_c1964
300 _a320P
942 _cBK
999 _c584515
_d584515